| Tag |
First Indicator |
Second Indicator |
Subfields |
| LEADER |
00000cam a22000001a 4500 |
| 001 |
in00003080021 |
| 005 |
20190403185227.0 |
| 006 |
m o d |
| 007 |
cr un mmmapmmp |
| 008 |
080412s1954 dcu o f000 0 eng d |
| 035 |
|
|
|a cis2004246384
|
| 040 |
|
|
|a UMI
|c UMI
|d UtOrBLW
|
| 043 |
|
|
|a n-us---
|
| 099 |
|
|
|a ProQuest Serial Set Number 11740 H.rp.1869
|
| 110 |
1 |
|
|a United States.
|b Congress.
|b House.
|
| 245 |
1 |
0 |
|a Amending the Act of March 6, 1952 (66 Stat. 16), to extend the time during which the Secretary of the Interior may enter into amendatory repayment contracts under the federal reclamation laws.
|
| 246 |
1 |
|
|a Extending time for amendatory repayment contracts under Federal reclamation laws
|
| 264 |
|
1 |
|a Washington :
|b [publisher not identified],
|c 1954.
|
| 300 |
|
|
|a 1 online resource.
|
| 336 |
|
|
|a text
|b txt
|2 rdacontent
|
| 337 |
|
|
|a computer
|b c
|2 rdamedia
|
| 338 |
|
|
|a online resource
|b cr
|2 rdacarrier
|
| 490 |
0 |
|
|a H.rp.1869
|
| 500 |
|
|
|a Record is based on bibliographic data in ProQuest U.S. Serial Set Digital Collection (last viewed Apr. 2008). Reuse except for individual research requires license from ProQuest, LLC.
|
| 510 |
3 |
|
|a ProQuest U.S. Serial Set Digital Collection
|
| 500 |
|
|
|a Electronic resource.
|
| 650 |
|
0 |
|a Public contracts.
|
| 650 |
|
0 |
|a Reclamation of land.
|
| 655 |
|
7 |
|a Electronic books.
|2 local
|
| 710 |
2 |
|
|a ProQuest (Firm)
|
| 710 |
1 |
|
|a United States.
|b Congress.
|b House.
|b Committee on Interior and Insular Affairs.
|
| 830 |
|
0 |
|a United States congressional serial set.
|
| 856 |
4 |
0 |
|u http://proxy.library.tamu.edu/login?url=http://congressional.proquest.com/congcomp/getdoc?SERIAL-SET-ID=11740+H.rp.1869
|z Connect to the full text of this electronic book
|t 0
|
| 999 |
|
|
|a MARS
|
| 999 |
f |
f |
|s b96d1306-843d-3a8f-a3f8-f77cd7689a05
|i 956c3f4c-f68f-3fa9-bc39-80ddb87ca8e5
|t 0
|
| 952 |
f |
f |
|a Texas A&M University
|b College Station
|c Electronic Resources
|d Available Online
|t 0
|e ProQuest Serial Set Number 11740 H.rp.1869
|h Other scheme
|
| 998 |
f |
f |
|a ProQuest Serial Set Number 11740 H.rp.1869
|t 0
|l Available Online
|